<?xml version="1.0" encoding="UTF-8"?>
<collection xmlns="http://www.loc.gov/MARC21/slim">
  <record>
    <leader>00000nam  2200000   4500</leader>
    <controlfield tag="001">INLIS000000000020174</controlfield>
    <controlfield tag="005">20250526080741</controlfield>
    <datafield tag="035" ind1="#" ind2="#">
      <subfield code="a">0010-0525000257</subfield>
    </datafield>
    <controlfield tag="007">ta</controlfield>
    <controlfield tag="008">250526################|##########|#|##</controlfield>
    <datafield tag="084" ind1="#" ind2="#">
      <subfield code="a">R 0108 PKN II 2024</subfield>
    </datafield>
    <datafield tag="100" ind1=" " ind2="#">
      <subfield code="a">Agustina</subfield>
    </datafield>
    <datafield tag="245" ind1="1" ind2="#">
      <subfield code="a">Strategi Manajemen Pengelolaan Dan Promosi Museum Bersejarah Tarakan /</subfield>
      <subfield code="c">Agustina</subfield>
    </datafield>
    <datafield tag="250" ind1="#" ind2="#">
      <subfield code="a">1</subfield>
    </datafield>
    <datafield tag="260" ind1="#" ind2="#">
      <subfield code="a">Jakarta :</subfield>
      <subfield code="b">Pusbangkom Pimnas,</subfield>
      <subfield code="c">2024</subfield>
    </datafield>
    <datafield tag="300" ind1="#" ind2="#">
      <subfield code="a">100 :</subfield>
      <subfield code="b">ilus ;</subfield>
      <subfield code="c">29 x 21 x 1</subfield>
    </datafield>
    <datafield tag="650" ind1="#" ind2="4">
      <subfield code="a">Manajemen</subfield>
    </datafield>
    <datafield tag="520" ind1="#" ind2="#">
      <subfield code="a">Melalui aplikasi SIMAPPRO, Museum Sejarah Tarakan menjadi kunci dalam&#13;
melindungi, mengembangkan, memanfaatkan dan mengomunikasikan kekayaan&#13;
sejarah kota Tarakan kepada masyarakat lokal, wisatawan, serta generasi mendatang.&#13;
Promosi budaya digital yang berbasis AI diharapkan dapat mendukung transformasi&#13;
tata kelola pemerintahan di era kecerdasan buatan.&#13;
Kehadiran teknologi, perkembangan media sosial, dan perubahan perilaku&#13;
konsumen telah mengubah lanskap promosi dan pengelolaan museum secara&#13;
signifikan. Untuk tetap relevan dan efektif, Museum Sejarah Tarakan perlu&#13;
mengadopsi strategi yang inovatif dan adaptif dalam pengelolaan serta promosi.&#13;
Dengan memahami kompleksitas tantangan yang dihadapi dan potensi yang dimiliki,&#13;
pengembangan strategi manajemen pengelolaan dan promosi yang kokoh dan&#13;
terintegrasi menjadi krusial.&#13;
Melalui pendekatan yang holistik dan berbasis data, museum ini dapat&#13;
memperkuat posisinya sebagai penjaga warisan sejarah yang berharga serta destinasi&#13;
edukasi dan wisata yang menarik di Kota Tarakan.&#13;
Dengan strategi yang tepat dan dukungan yang memadai, Museum Sejarah&#13;
Tarakan dapat berkembang menjadi lebih dari sekadar tempat penyimpanan artefak&#13;
sejarah. Museum ini dapat menjadi pusat pendidikan, kebudayaan, dan pariwisata&#13;
yang menginspirasi dan mengedukasi masyarakat tentang pentingnya menjaga&#13;
warisan sejarah dan budaya. Selain itu, pemberdayaan organisasi pembelajar dan&#13;
&#13;
v&#13;
strategi pemasaran 4P+1C berdampak pada keberhasilan implementasi laboratorium&#13;
kepemimpinan dan kemanfaatan bagi stakeholders dan mitra pentahelix sebagai&#13;
rujukan dalam membangun sinergitas pengembangan promosi Museum Sejarah di&#13;
Kota Tarakan Provinsi Kalimantan Utara.</subfield>
    </datafield>
    <datafield tag="856" ind1="#" ind2="#">
      <subfield code="a">Perpustakaan Pusat LAN</subfield>
    </datafield>
    <datafield tag="990" ind1="#" ind2="#">
      <subfield code="a">2024/1.2,2/A/0108</subfield>
    </datafield>
  </record>
</collection>
